[Event "Amber-blindfold 17th"]
[Site "Nice"]
[Date "2008.03.23"]
[Round "8"]
[White "Aronian, Levon"]
[Black "Anand, Viswanathan"]
[Result "1-0"]
[WhiteElo "2739"]
[BlackElo "2799"]
[Annotator "Aronian,L"]
[PlyCount "99"]
[EventDate "2008.03.15"]
[EventType "tourn (rapid)"]
[EventRounds "11"]
[EventCountry "FRA"]
[EventCategory "21"]
[SourceTitle "CBM 123 Extra"]
[Source "ChessBase"]
[SourceDate "2008.05.06"]
[SourceVersion "1"]
[SourceVersionDate "2008.05.06"]
[SourceQuality "1"]

{My decision to annotate this game was driven more by a general interest in
blindfold chess than the game itself. Although interesting, it contains far
too many mistakes.} 1. d4 Nf6 2. c4 e6 3. Nf3 d5 4. Bg5 {In recent times, this
attempt to avoid the beaten track has been a rare guest in elite events.} h6 {
After 4...c6 White can try to steer the game into rare lines of the QGD with 5.
e3 or 5.Nbd2. The text move practically forces White to exchange on f6, since
as far as I can see, the gambit 5.Bh4 Bb4 (followed by dxc4) does not give him
any advantage.} 5. Bxf6 Qxf6 6. Nbd2 {Now the natural Slav move 6...c6 is not
so good, because of 7.a3 with the idea of advancing e4 in one move. By
comparison with the normal Moscow Variation, here White does not have to worry
about the pawn on c4, but on the other hand, he has to reckon with the
tempo-gaining advance g5, since the natural square of the Nf3 on d2, is
occupied.} Nd7 7. Rc1 {Against Grischuk in Mexico City I played 7.g3, which is
in principle more logical. This time I decided to try out another plan.} c6 8.
a3 {Trying to advance e4. Of course, it was also possible to play the simple
e3, but that is not why White put his knight on d2.} g5 {Of course! Now White
has to choose between several interesting and cimplicated possibilities,
something which is far from easy without sight of the position.} 9. h3 {
As I came to understand only after the game, the threat of g4 is not so
terrible, since then Ng1 and h3 gives White good play on the kingside. This
being the case, it would be interesting to continue with the straightforward 9.
e4.} ({The other way} 9. e3 {I liked less, since after the simple} Bg7 {
it is not clear why White put the pawn on a3.}) ({A possible continuation after
} 9. e4 {would be} g4 10. e5 Qd8 ({the alternative is} 10... Qf5 {, which after
} 11. Ng1 ({Note that} 11. Nh4 {is bad because of} Qf4 12. Nb3 Be7) 11... c5
12. cxd5 cxd4 13. dxe6 Qxe5+ 14. Qe2 fxe6 {leads to an obscure position.}) 11.
Ng1 Qb6 12. Nb3 a5 ({Bad is} 12... c5 {because of} 13. Bd3 cxd4 14. f4 {
with the initiative, in view of Black's backward development.}) 13. c5 Qd8 14.
Nd2 Rg8 {The resulting position is in the spirit of Morozevich's French
Defences, and is very hard to assess. Black's plan is to play a4 and b6,
breaking up the white centre, whilst White will develop his remaining pieces
quickly and start an attack, utilising the temporary lack of communication
between the black pieces.}) 9... h5 {Logical. After 9...Bg7 10.e4 0-0 1.Bd3
Black has gained no benefit from his kingside expansion and the position must
be assessed as better for White. With the text move, Black continues his plan
to fighting for the centre by means of a flank diversion.} 10. cxd5 ({The
position after} 10. e4 g4 11. e5 Qg7 {followed by c5 at the right moment, is
not too great for White.}) 10... exd5 {There are plenty of reasons not to take
with the c-pawn, one being 11.Qa4, with ideas of e4 or Ne5.} 11. e4 g4 12. e5 {
It is always possible to open the h-file, but the presence of the pawn on h3
changes a lot.} Qg7 13. Nh4 Qg5 {An interesting decision. I expected 13...Nb6.}
14. g3 f6 {This daring break is the whole point of Qg5! It is noteworthy that
after the game, I rather emotionally described it as terrible, whereas Vishy
thought it correct. As usual, the truth probably lies somewhere in between. Of
course, f6 is objectively the strongest move, but in a practical game,
especially a blindfold game, it is harder for Black to play the resulting
irrational position. For his sacrificed pawn White gets maybe not full, but
long-lasting compensation, and many ways to muddy the waters. After 14...Nb6
and a further Bd7 and long castling, Black would be doing well from a
positional point of view.} 15. e6 {The quiet 15.exf6 somehow doesn't look
right, even though it is arguably just as good.} Nb6 16. Rc3 ({The move} 16.
Bd3 {does not bring anything out of the ordinary. Black can simply take on e6
and after 17.Ng6 move the rook to g8. The text move looks right.} Bxe6 17. Ng6
Rg8) 16... Bxe6 17. Re3 Kd7 ({Stronger than the unusual-looking} 17... Qg8 {
After for example} 18. Ng6 Bh6 ({is dangerous because of the unexpected} 18...
Qxg6 19. Bd3 f5 20. hxg4 {with strong threats.}) 19. Nxh8 Bxe3 20. fxe3 Qxh8
21. hxg4 Qg7 22. g5 {White can count on equality.}) 18. Bd3 Re8 (18... Nc4 {
is dangerous because of} 19. Bxc4 dxc4 20. Ne4 Qa5+ 21. Kf1) ({but another
possible choice was} 18... Bd6 {Anand said that he was afraid of} 19. Rxe6 Kxe6
20. Nf5 {which I also thought dangerous during the game, but after the simple}
Kd7 {it is not obvious how White can continue his attack. Probably the
strongest for White is 19.Kf1 with the idea of taking on e6 in more favourable
circumstances. The position would be unclear.}) 19. Ng6 Rg8 {An unfortunate
choice.} ({Black had the option of the tempo-winning} 19... Nc4 {After} 20. h4
{both} Qh6 ({and} 20... Nxe3 21. Qb3 Qh6 22. Qxb7+ Kd6 23. Nxh8) 21. Nxc4 dxc4
22. d5 {lead to intractable complications. For lovers of such assessments, I
can add that the computers thinks Black's position the more pleasant in almost
all lines.}) 20. Nf4 {Now the white pieces achive some harmony.} Bh6 {A
mistake which I failed to exploit, thanks to my love of "long" moves.} ({
He should go over to defence with the accurate} 20... Bf7 21. Rxe8 Kxe8 22.
hxg4 Qxg4 23. Be2 Qd7 24. Bxh5 Bd6) 21. Bh7 {Pure flashiness. 21.Nb3 was much
stronger, after which Black would be in trouble.} Rgf8 ({Bad is} 21... Rg7 {
because of} 22. h4 Qxf4 23. gxf4 Rxh7 24. Nb3 {The presence of the valuable
move Nb3 changes the assessment of the position.}) 22. Nb3 {Around here I
realised that with the move 21.Bh7 is had just created disharmony amongst my
own pieces and that on my planned} (22. Bg6 {Black has the simple} Bf7 {
and after} 23. h4 Qxg6 24. Nxg6 Bxg6 {White has trouble maintaining the
balance. Deciding not to panic, I went for this practically only move.}) 22...
Bf7 {Evidently, my strange play confused not only me, and over the next few
moves, my opponent is also put off by 21.Bh7.} ({After} 22... Kd6 23. Nxe6 Rxe6
24. Rxe6+ Kxe6 {the results of the white pieces' trip to the corner of the
board would be nothing for Black to fear.}) 23. Nc5+ Kc8 ({More accurate is
the aggressive} 23... Kd6 {After} 24. Nxb7+ Kc7 25. Nc5 Qg7 {White would
probably have to force perpatual check by means of} 26. Qd3 ({since} 26. Bf5 {
is not good in view of} Bxf4 27. gxf4 Rxe3+ 28. fxe3 gxh3 29. Qe2 Nc4 {when
Black has the advantage on account of the bad position of the white king.})
26... Bxf4 27. gxf4 gxh3 28. Qa6) 24. Nce6 Bxe6 25. Nxe6 Rxe6 26. Rxe6 Nc4 {
And this is a serious mistake. We both missed the idea of Kd7 in this position.
After Black has kicked the rook back to e2 and shut out the bishop with f5, he
has sufficient counterplay for equality.} 27. hxg4 {A mistake caused by the
aforementioned blindness. A technically winning position could have been
achieved by both Kf1 and h4.} hxg4 28. Rh4 {Here I was happy with myself, and
especially with the coordination of my pieces. As already stated, this could
have been disrupted by Kd7, but in this game, luck was on my side.} Nxb2 29.
Qc2 Nc4 30. Bf5 Kb8 31. Rxg4 {This very important pawn finally disappears from
the board. Admittedly, to get rid of it I for some reason gave away my whole
queenside!} Qc1+ {The final mistake in this rather error-filled game. Neither
of us noticed that the a3-pawn was hanging.} ({After} 31... Nxa3 32. Qd3 Qc1+
33. Qd1 Bd2+ 34. Ke2 Qxd1+ 35. Kxd1 Bc3 {White is in no way better, if indeed
he is not worse.}) 32. Qxc1 Bxc1 33. a4 {Now it is a different matter
altogether.} Bb2 34. Ke2 a5 35. Bc2 {Black loses the f6-pawn and White will
queen.} Na3 {An attempt to divert attention from the pawn on f6, but it does
does not work and the pawn eventually falls.} 36. Bb3 f5 37. Rh4 Rf7 38. Kd3
Bc1 39. Rh1 Bg5 40. Ra1 Nc4 41. Bxc4 dxc4+ 42. Kxc4 {The rest is easy.} f4 43.
g4 f3 44. Re5 Bh4 45. Rh1 Bxf2 46. Rf5 Rd7 47. Rxf3 Bxd4 48. Rd3 c5 49. g5 Rg7
50. Rg3 1-0

[Event "Miskolc m"]
[Site "Miskolc"]
[Date "2009.06.03"]
[Round "1"]
[White "Leko, Peter"]
[Black "Anand, Viswanathan"]
[Result "1/2-1/2"]
[WhiteElo "2751"]
[BlackElo "2783"]
[Annotator "Meszaros/Berkes"]
[PlyCount "55"]
[EventDate "2009.06.03"]
[EventType "match (rapid)"]
[EventRounds "8"]
[EventCountry "HUN"]
[SourceTitle "CBM 130 Extra"]
[Source "ChessBase"]
[SourceDate "2009.07.02"]
[SourceVersion "2"]
[SourceVersionDate "2009.07.15"]
[SourceQuality "1"]
[WhiteTeam "Hungary"]
[BlackTeam "Indien"]
[WhiteTeamCountry "HUN"]
[BlackTeamCountry "IND"]

1. d4 Nf6 2. c4 g6 3. Nc3 d5 {First surprise of the match! Anand played the
Gruenfeld-defence with black seven years ago against Karpov.} 4. Nf3 Bg7 5. Qb3
dxc4 6. Qxc4 O-O 7. e4 a6 {This is the "Hungarian Variation", which was used
by Hungarian grandmasters succesfully in the early of seventies.} 8. Bf4 b5 9.
Qxc7 Qxc7 10. Bxc7 Bb7 11. Bd3 b4 12. Na4 Nxe4 13. O-O Nf6 14. Rac1 Nbd7 15.
Ne5 {#} Rfc8 $1 {15. Ne5 was a novelty, but Anand found the best plan. The a8
rook defends the a6 pawn and Black is still waiting for all of his
posibilities.} 16. Rfe1 e6 17. Nb6 (17. Bd6 Bf8 18. Bxf8 Kxf8 19. Nc5 Nxc5 20.
dxc5 Bd5 {with counterplay}) 17... Nxb6 18. Bxb6 Nd5 19. Ba5 (19. Bc5 $5) 19...
Bh6 20. Rc4 Rxc4 21. Nxc4 Bf8 22. g3 Rc8 23. Ne5 Nf6 {Black has slightly
better position and time to improve his standing with Bd6, Kg7, g5, h5, and
after this or h4 or Bb8-a7. Anand wants to use his advantage too quickly. But
White's position is strong enough.} 24. Bf1 Bd5 25. Nd3 {#} Rc4 $6 {Consequent
but dubious. After the game Peter said that here he calculated three moves 
(Nf4, Pb3 and Bd8), but he had only three minutes left...} 26. Bd8 $6 (26. b3
$1 Rxd4 (26... Rc2 27. Re2 $1 $14) 27. Bb6 Re4 28. Rc1 Nd7 29. Be3 {+/=}) 26...
Ne4 27. Nf4 Rc8 28. Nxd5 {#Anand had only half minute (against two and half
for Leko) and maybe for this reason he offered a draw.} 1/2-1/2

[Event "Miskolc m"]
[Site "Miskolc"]
[Date "2009.06.03"]
[Round "2"]
[White "Anand, Viswanathan"]
[Black "Leko, Peter"]
[Result "1-0"]
[WhiteElo "2783"]
[BlackElo "2751"]
[Annotator "Meszaros/Berkes"]
[PlyCount "91"]
[EventDate "2009.06.03"]
[EventType "match (rapid)"]
[EventRounds "8"]
[EventCountry "HUN"]
[SourceTitle "CBM 130 Extra"]
[Source "ChessBase"]
[SourceDate "2009.07.02"]
[SourceVersion "2"]
[SourceVersionDate "2009.07.15"]
[SourceQuality "1"]
[WhiteTeam "Indien"]
[BlackTeam "Hungary"]
[WhiteTeamCountry "IND"]
[BlackTeamCountry "HUN"]

1. d4 Nf6 2. c4 g6 3. Nc3 d5 {The second surprise of the match: the Gruenfeld
Defence again, but with reversed colours!} 4. Nf3 Bg7 5. cxd5 Nxd5 6. e4 Nxc3
7. bxc3 c5 8. Be3 {Kramnik's favourite variation, which played as Black very
succesfully by the Indian grandmaster Ganguly, who is member of Anand's team.}
Qa5 9. Qd2 O-O 10. Rc1 Rd8 11. d5 e6 12. Bg5 $1 {A very strong move, but it is
not exactly a novelty. Anand's idea is to create some weaknesses in Black's
camp after 12...f6, or disturb the development of the black pieces.} Re8 13. d6
Bd7 14. Bh6 {#} Qd8 {Not a bad idea, but Black has no time to build up his
defence. It is very difficult to offer a better choice, because we don't
believe in the move 13...Bd7. Now the fans of the Gruenfeld must to show
something good against White's hyperagressive plan!} (14... Bf6 15. h4 (15. e5
Bh8) 15... Bc6 16. h5 Nd7 17. Ng5 $40 {Palo-Ivanchuk, Skanderborg 2003}) (14...
Bh8 15. h4 Bc6 16. h5 Bxe4 17. Ng5 Bd5 (17... Bf5 18. Be2 {+/-}) 18. Nxh7 $1 {
with attack.}) 15. h4 f6 16. e5 $1 $16 {+/-. After this move Black never can
play Pg5 and open the dangerous b1-h7 diagonal.} Bc6 17. h5 g5 18. Bxg7 Kxg7
19. exf6+ Qxf6 {#} 20. h6+ $1 {The final nuance: the black K must go into the
corner, and the endgame is winning for White.} Kh8 21. Qxg5 Rf8 22. Qxf6+ Rxf6
23. Ne5 Rf5 24. Nxc6 Nxc6 25. Rd1 Rd8 26. Rh4 $1 $18 {The best place for the
rook: White threatens with different manouvres, for example: Rg4-g7, or to
push ahead his passed free pawn, or attack the black pawns on the queenside.}
Rf6 (26... Rd5 27. Rxd5 exd5 28. Rf4 Kg8 29. Rf6 $18) 27. Bb5 Ne5 28. Rh5 Nf7
29. Rxc5 Rxh6 30. d7 {#The rest is simple.} a6 31. Bf1 Kg7 32. Rc7 b5 33. Rc6
Kf6 34. Rxa6 Rh5 35. Rb6 Rc5 36. Bxb5 Rxc3 37. a4 Ke7 38. a5 Rg8 39. Kf1 Ra3
40. a6 Nd8 41. Be2 Rg5 42. Bc4 Rc5 43. Bxe6 Rca5 44. Bc4 Ra1 45. Rxa1 Rxa1+ 46.
Ke2 {#So Anand leads 1.5-0.5 after the first day, with good play.} 1-0

[Event "Miskolc m"]
[Site "Miskolc"]
[Date "2009.06.04"]
[Round "3"]
[White "Anand, Viswanathan"]
[Black "Leko, Peter"]
[Result "1/2-1/2"]
[WhiteElo "2783"]
[BlackElo "2751"]
[Annotator "Meszaros/Berkes"]
[PlyCount "56"]
[EventDate "2009.06.03"]
[EventType "match (rapid)"]
[EventRounds "8"]
[EventCountry "HUN"]
[SourceTitle "CBM 130 Extra"]
[Source "ChessBase"]
[SourceDate "2009.07.02"]
[SourceVersion "2"]
[SourceVersionDate "2009.07.15"]
[SourceQuality "1"]
[WhiteTeam "Indien"]
[BlackTeam "Hungary"]
[WhiteTeamCountry "IND"]
[BlackTeamCountry "HUN"]

1. d4 d5 {Of course, Peter didn't want to play again his favourite Grunfeld
defence because of his lost second game.} 2. c4 c6 3. Nf3 Nf6 4. Nc3 e6 5. e3 {
Peter has chosen the Anti-Meran System, which is Anand's prefered weapon but
with Black!} Nbd7 6. Bd3 dxc4 7. Bxc4 b5 8. Bd3 Bb7 9. a3 b4 10. Ne4 Nxe4 11.
Bxe4 bxa3 12. O-O Bd6 13. b3 Nf6 14. Nd2 $5 {This is a well-known position
where White sacrifices a pawn to sharpen the fight.} Nxe4 15. Nxe4 Bxh2+ 16.
Kxh2 Qh4+ 17. Kg1 Qxe4 18. f3 Qg6 {While the target of White are the black
squares around the black king Leko starts immediatly counterattack against the
g2 square.} 19. Bxa3 h5 $1 {#} 20. Qd2 $146 {A harmless novelty. Black has
more dangerous threats, which is why Anand has to exchange the queens.} (20.
Bc5 h4 21. e4 Qg3 22. Qe1 Qxe1 23. Rfxe1 a6 24. f4 f6 25. Re3 {1/2-1/2
Czarnota-Balogh, Baden Baden 2009}) 20... Qg3 21. Bc5 (21. Qb4 $6 O-O-O 22. Bb2
(22. Rf2 h4) 22... a6 23. Rfc1 h4 24. Rxa6 h3 $1 25. Raxc6+ Bxc6 26. Rxc6+ Kd7
27. Qb7+ Ke8 $19) 21... h4 22. Qf2 Qxf2+ 23. Rxf2 a6 24. e4 f6 25. Ra4 Rd8 $1
26. f4 Kf7 27. Kh2 $1 Rd7 {Inaccuracy. Thought the position is very close to
equal, Black could have more hopefully continuations, for example:} (27... Rh5
$5 28. Kh3 Bc8) (27... Rh6 $5) 28. Ra3 $1 {with the idea b4, Rh3} Bc8 1/2-1/2

[Event "Miskolc m"]
[Site "Miskolc"]
[Date "2009.06.04"]
[Round "4"]
[White "Leko, Peter"]
[Black "Anand, Viswanathan"]
[Result "1/2-1/2"]
[WhiteElo "2751"]
[BlackElo "2783"]
[Annotator "Meszaros/Berkes"]
[PlyCount "112"]
[EventDate "2009.06.03"]
[EventType "match (rapid)"]
[EventRounds "8"]
[EventCountry "HUN"]
[SourceTitle "CBM 130 Extra"]
[Source "ChessBase"]
[SourceDate "2009.07.02"]
[SourceVersion "2"]
[SourceVersionDate "2009.07.15"]
[SourceQuality "1"]
[WhiteTeam "Hungary"]
[BlackTeam "Indien"]
[WhiteTeamCountry "HUN"]
[BlackTeamCountry "IND"]

1. d4 Nf6 2. c4 g6 3. Nc3 d5 {An intresting "provocation": Anand is not afraid
to play Grunfeld with black!} 4. Nf3 Bg7 5. Qb3 dxc4 6. Qxc4 O-O 7. e4 a6 8.
Be2 b5 9. Qb3 c5 10. dxc5 Bb7 11. O-O Nbd7 12. e5 Nd5 13. Nxd5 Nxc5 14. Nxe7+
Qxe7 15. Qa3 {#} Rfe8 $146 {Novelty: the rook gives his place for the queen
but Leko finds the weak point of this plan.} (15... Rac8 16. Bf4 Rfe8 17. Rac1
Bxf3 18. Bxf3 Bxe5 19. Be3 Bd6 20. Rcd1 Qf6 21. Rd5 $14 {Alterman-Pelletier,
Bad Wiessee 1997}) 16. Bg5 Qf8 17. Bd2 $1 {+/=. This unpleasent "comeback" of
the dark squared bishop does not give other choice to Anand to play a worse
endgame.} Bxe5 (17... Rac8 18. Bb4 Bxf3 19. Bxf3 Bxe5 20. Rac1 Qh6 $1 21. g3
Na4 22. Rxc8 Rxc8 23. Bb7 {+/=}) 18. Nxe5 Rxe5 19. Rfe1 Rae8 20. Bf1 Rxe1 21.
Rxe1 Rxe1 22. Bxe1 Ne6 {#} (22... Ne4 23. Bb4 Qb8 24. Qe3 {+/-}) 23. Qg3 $1 {
Keeping the queen is the strongest plan. At same time in my opinion (IM
Meszaros) changing the queens was a reasonable possibility. The pair of
bishops means a serious advantage in positions like this (symmetrical pawn
structure, the central pawns are absent) and Black cannot easily build a
fortress on the queenside because of the too advenced a6-b5 pawns. We have to
mention that the time pressure helped neither the attacking nor the defending
side! Time-wasting calculations of variations or a sure and longtime advantage
in the endgame? Peter chose the first option.} f6 $5 24. Bc3 Qd8 25. h4 Kf7 26.
Qe3 h5 27. a3 Qd5 {#} 28. Qb6 $2 (28. Qh6 Bc6 (28... Qe4 29. Qh7+ Ng7 30. Bd2
$1 $16) 29. Qh8 Ng7 30. Qc8 Nf5 31. Bb4 {+/-}) 28... g5 $1 {Anand begins
counterplay on the king-side, reason is changing the pawns.} 29. hxg5 fxg5 30.
f3 h4 31. Qe3 h3 $1 32. gxh3 Qxf3 33. Qxf3+ Bxf3 34. Kf2 Be4 35. Ke3 Bf5 36.
Be5 Kg6 37. Bg2 {#} (37. b4 {+/=}) 37... Nc5 $1 $11 {After this move White
cannot save his pawns from the change on the queenside.} 38. Bd6 (38. b4 Nd3
39. Bg3 Nb2 $1 40. Kd4 Be6 41. Bb7 Nc4 42. Bxa6 Nxa3 $11) 38... Nd3 39. b3 Ne1
40. Bb7 Nc2+ 41. Kd2 a5 42. Bg2 b4 43. axb4 axb4 44. Bc5 Na1 45. Bd5 Bxh3 46.
Bxb4 Bf5 47. Bc5 Nxb3+ 48. Bxb3 Be4 49. Ke3 Kf5 50. Ba4 Bh1 51. Bc2+ Ke6 52.
Kf2 Kd7 53. Kg3 Kc6 54. Be3 Kb7 55. Kg4 Ka8 {#} 56. Kxg5 Bg2 1/2-1/2